| 000 | 00914cam a22002411i 4500 | ||
|---|---|---|---|
| 003 | SA-RiAUC | ||
| 005 | 20241125060641.0 | ||
| 008 | 241124s1980 ku g 000 0 ara c | ||
| 040 |
_aSA-JeALM _bara _cSA-RiAUC _erda |
||
| 082 | 0 | 4 |
_a810.9 _qSA-RiAUC |
| 090 |
_a810.9 _bع ب د |
||
| 100 | 1 |
_aعبد الله، محمد حسن، _d1935- _eمؤلف. |
|
| 245 | 1 | 2 |
_aالحب في التراث العربي / _cمحمد حسن عبد الله. |
| 264 | 1 |
_aالكويت: _bالمجلس الوطني للثقافة والفنون والاداب، _c1980 |
|
| 300 | _a374 صفحة | ||
| 336 |
_aنص _btxt _2rdacontent _3كتاب |
||
| 337 |
_aبدون وسيط _bn _2rdamedia |
||
| 338 |
_aمجلد _bnc _2rdacarrier |
||
| 650 | 7 |
_aالحب في الأدب العربي _2aucsh |
|
| 650 | 7 |
_aالأدب العربي _xتاريخ ونقد _2aucsh |
|
| 942 |
_2ddc _cBOOK _n0 |
||
| 949 |
_aSA-JeALM _d241124 _umohamedma123 _n1 |
||
| 999 |
_c2743 _d2743 |
||